| 000 | 01904nam0a2200337 4500 | ||
|---|---|---|---|
| 001 | RU\NLR\bibl\966135 | ||
| 005 | 20260408125612.0 | ||
| 021 |
_aRU _b2006-28167 _91401 |
||
| 035 | _a(NLR Aleph) 000954135 | ||
| 090 |
_a298418 _c298418 |
||
| 100 | _a20060710d2005 u y0rusy50 ca | ||
| 101 | 0 | _arus | |
| 102 | _aRU | ||
| 105 | _aa ||||||||| | ||
| 200 | 1 |
_aГенетико-селекционные основы лесокультурного производства _eучебное пособие для студентов специальностей 260400, 260500, 320800 всех форм обучения, а также для учащихся колледжей и лицеев _fР.Н. Матвеева, О.Ф. Буторова, Н.П. Братилова _gФедер. агентство по образованию, ГОУ ВПО "Сиб. гос. технол. ун-т" |
|
| 210 |
_aКрасноярск _cСибГТУ _d2005 |
||
| 215 |
_a55 с. _cил. _d21 |
||
| 320 | _aБиблиогр.: с. 52-54 (20 назв.) | ||
| 606 | 1 |
_aЛесные породы _xГенетика _jУчебные издания для высших учебных заведений _2nlr_sh2 _3RU\NLR\auth\66383784 |
|
| 606 | 1 |
_aЛесные породы _xСелекция _jУчебные издания для высших учебных заведений _2nlr_sh2 _3RU\NLR\auth\66387037 |
|
| 686 | _aП345.1я73 | ||
| 700 | 1 |
_aМатвеева _bР. Н. _cд-р с.-х. наук _f1942- _gРимма Никитична _3RU\NLR\auth\7739655 _4070 |
|
| 701 | 1 |
_aБуторова _bО. Ф. _cд-р с.-х. наук _gОльга Федоровна _3RU\NLR\AUTH\770151064 _4070 |
|
| 701 | 1 |
_aБратилова _bН. П. _gНаталья Петровна _4070 |
|
| 801 | 0 |
_aRU _bNLR _c20060710 _grcr |
|
| 801 | 1 |
_aRU _bNLR _c20060710 |
|
| 942 | _cBOOK | ||
| 980 | _aNB | ||
| 980 | _aNBR | ||